Catálogo
 En Linea

Curso práctico sobre el procesamiento de la terminología : (Registro nro. 19999)

Detalles MARC
000 -CABECERA
campo de control de longitud fija 01024nam a2200253 a 4500
001 - NÚMERO DE CONTROL
campo de control 000020495
005 - FECHA Y HORA DE LA ÚLTIMA TRANSACCIÓN
campo de control 20200930011123.0
008 - DATOS DE LONGITUD FIJA--INFORMACIÓN GENERAL
campo de control de longitud fija 101216s1993 sp 001 0 spa d
020 ## - NÚMERO INTERNACIONAL ESTÁNDAR DEL LIBRO
Número Internacional Estándar del Libro 8486168880(Piramide)
020 ## - NÚMERO INTERNACIONAL ESTÁNDAR DEL LIBRO
Número Internacional Estándar del Libro 8436807901 (F.G.S.R.)
040 ## - FUENTE DE LA CATALOGACIÓN
Centro catalogador/agencia de origen DO-SdBNP
Lengua de catalogación spa
Centro/agencia transcriptor BNPHU
082 ## - NÚMERO DE LA CLASIFICACIÓN DECIMAL DEWEY
Número de clasificación xxxx
Número de documento/Ítem S129c
100 1# - ENTRADA PRINCIPAL--NOMBRE DE PERSONA
Nombre de persona Sager, Juan C.
9 (RLIN) 43189
245 10 - MENCIÓN DE TÍTULO
Título Curso práctico sobre el procesamiento de la terminología :
Resto del título con un capítulo adicional de Joan Torruella y Gloria Clavería /
Mención de responsabilidad, etc. Juan C. Sager ; traducción Laura Chumillas Moya; prólogo Jean Claude Boulanger.
260 ## - PUBLICACIÓN, DISTRIBUCIÓN, ETC.
Lugar de publicación, distribución, etc. Madrid :
Nombre del editor, distribuidor, etc. Fundación Germán Sánchez Ruipérez,
-- Ediciones Pirámide,
Fecha de publicación, distribución, etc. 1993.
300 ## - DESCRIPCIÓN FÍSICA
Extensión 442 p. ;
Dimensiones 22 cm.
490 0# - MENCIÓN DE SERIE
Mención de serie Biblioteca del Libro
Designación de volumen o secuencia 57
500 ## - NOTA GENERAL
Nota general Incluye glosario español/ingles
500 ## - NOTA GENERAL
Nota general Incluye glosario ingles/español
504 ## - NOTA DE BIBLIOGRAFÍA, ETC.
Nota de bibliografía, etc. Bibliografía p: 403-442
700 1# - PUNTO DE ACCESO ADICIONAL--NOMBRE DE PERSONA
Nombre de persona Chumillas Moya, Laura
Término indicativo de función/relación trad.
9 (RLIN) 43190
700 1# - PUNTO DE ACCESO ADICIONAL--NOMBRE DE PERSONA
Nombre de persona Boulanger, Jean Claude
Término indicativo de función/relación prol.
9 (RLIN) 43191
830 #0 - PUNTO DE ACCESO ADICIONAL DE SERIE-TÍTULO UNIFORME
Título uniforme Biblioteca del Libro
Número de parte o sección de la obra 57
9 (RLIN) 43192
Existencias
Estado de retiro Estado de pérdida Restricciones de uso No para préstamo Código de colección Localización permanente Ubicación/localización actual Ubicación en estantería Fecha de adquisición Número de inventario Total de préstamos Signatura topográfica completa Código de barras Fecha visto por última vez Precio válido a partir de Tipo de ítem Koha
      Excluido de préstamo Monografías: Libros y Folletos General General En catalogación 03.10.2017 LF1   xxxx S129c 20495-10 25.06.2020 25.06.2020 No se presta

Con tecnología Koha